000 00363nam a2200109Ia 4500
008 180315s9999 xx 000 0 und d
020 _a9780071827126
100 _aFerguson, Matt
245 4 _aThe talent equation :
_bBig data lessons for navigating the skills gap and building a competitive workforce
260 _aUSA :
_b2014
_cmcGrawHill
300 _av, 225 pages
999 _c356317
_d356317